000 007520000a22002530004500
003 LK-CoMWRAF
005 20231027131107.0
008 230817t1999 ||||| |||| 00| 0 eng d
020 _a1559349786
040 _aLK-CoMWRAF
_dLK-CoMWRAF
_eLK-CoMWRAF
041 _aeng
082 _a305.42
_bWOM
245 _aWomen Images and Realities:
_bA Multicultural Anthology
250 _a2nd ed.
260 _aCalifornia:
_bMayfield,
_c1999
300 _axiii, 578 p. : ill. ; 23 cm.
_bBibliography included
650 _aFEMINISM
650 _a Women--United States--Social conditions.
650 _aWomen's studies--United States.
700 _aKesselman ,Amy
_eed.
700 _aMcNair, Lily
_eed.
700 _aSchniedewind, Nancy
_eed.
942 _cBK
999 _c257
_d257